000 00828nam a2200289Ia 4500
001 Para_9920
003 CHAP
008 220125s[s.f xx 000 0 und d
010 _a208583
020 _a978 - 958 -736 - 034 - 4
040 _cCHAP
082 _aPA 634.41 C85
245 _aCultivo y explotación de guanábana o graviola /
_c Director Felipe Durán Ramírez
260 _aColombia :
_b Grupo Latino
300 _a211 p.
500 _aIncluye referencias Bibliográficas e índice
650 _aAnonaceas
_96006
650 _aFruticultura
_x Tropicos
_943755
700 1 _aDurán Ramírez, Felipe
_9157239
901 _aPA 634.41 C85
902 _aM
905 _a523220[s.f.] 8000000300 06
910 _a[s.f
942 _cPARA
942 _cPARA
_d1
999 _c208583
_d208583